000 00991nam a2200241Ia 4500
003 OSt
005 20210927122548.0
008 210310s1996 ck gr 000 0 spa d
040 _aCO-JMCR
_cCO-JMCR
041 0 _aspa
082 0 4 _a338.986126 /
_bJ371a
_223
100 _aAlberto Jaramillo, Carlos Montoya, Mauricio Ramirez
_928588
245 1 0 _aApertura e industria en el valle de aburra
_cAlberto Jaramillo J., Carlos Montoya, Mauricio Ramírez
260 _aMedellín,
_bUniversidad EAFIT,
_c1996.
300 _a229 páginas ;
_c22 cm.
505 0 _ala apertura y sus evaluaciones. -- Justificación, objetivos y metodología. -- Sector alimentos. -- Sector textil. -- Sector metalmecánico. -- Sector confección. -- Sector cuero y calzado.
650 1 4 _aSector confección
_940818
650 2 4 _aSector metalmecánico
_940819
650 2 4 _aSector textil
_940820
700 1 _aMontoya, Carlos
_eautor
_940821
700 1 _aRamírez, Mauricio,
_eautor
_940822
942 _2ddc
_cBK
999 _c12566
_d12566